Historia de la arquitectura

Wedi'i Gadw mewn:
Manylion Llyfryddiaeth
Prif Awdur: Choisy, Auguste (Awdur)
Fformat: Llyfr
Iaith:Sbaeneg
Cyhoeddwyd: Buenos Aires Victor Leru 1944
Pynciau:
Tagiau: Ychwanegu Tag
Dim Tagiau, Byddwch y cyntaf i dagio'r cofnod hwn!

MARC

LEADER 00000nam a2200000 a 4500
001 UCT2675
003 CL-VaPUC
005 20240402132011.0
008 961011e19440000AG |||||||||||||||||spa|d
999 |c 252659  |d 252657 
040 |c Pontificia Universidad Católica de Valparaíso 
082 0 4 |a 720.9 CHO 1944  |2 21 
100 0 |a Choisy, Auguste  |e author  |9 371626 
245 1 0 |a Historia de la arquitectura  
260 |a Buenos Aires  |b Victor Leru  |c 1944 
300 |a 2 volúmenes 
500 |a v.1: Prehistoria y Antiguedad 
500 |a v.2: Arte Bizantino y Musulmán, Edad Media, Renancimiento, Tiempos Modernos 
583 |a last modification  |c 20180314 14:49:18  |k Rodrigo Vera 
650 0 |a Historia  |9 255047 
650 0 |a Estilos artísticos  |9 340996 
650 0 |a Monumentos  |9 265246 
650 7 |a DECORACION  |2 CL-VaPUC  |9 358110 
942 |c BK  |2 ddc 
945 |d 19961011 00:00:00  |a nastorga 
952 |0 0  |1 0  |2 ddc  |4 0  |6 720_900000000000000_CHO_1944  |7 0  |8 P  |9 272633  |a BIBARQ  |b BIBARQ  |d 2019-11-19  |h v.1  |i 3244547  |o 720.9 CHO 1944  |p 3244547  |r 2025-01-20  |t 1  |w 2019-11-19  |y BK  |k ARQ 
952 |0 0  |1 0  |2 ddc  |4 0  |6 720_900000000000000_CHO_1944  |7 0  |8 P  |9 272634  |a BIBARQ  |b BIBARQ  |d 2019-11-19  |h v.2  |i 3244555  |o 720.9 CHO 1944  |p 3244555  |r 2025-01-20  |t 1  |w 2019-11-19  |y BK  |k ARQ